| 000 | 00717cam a2200265 4500 | ||
|---|---|---|---|
| 008 | 000000n2000 000 0 eng u | ||
| 020 | _a1860813682 | ||
| 035 | _a(Sirsi) u106153 | ||
| 050 | _a693.522 | ||
| 100 | _aDunster, A. | ||
| 110 | _aBuilding Research Establishment | ||
| 245 | _aDurability of pre-cast concrete in buildings. | ||
| 260 |
_aLondon _bCRC _c2000 |
||
| 300 | _a8p. ; 30 cm. | ||
| 490 |
_aInformation Paper _v8/00 |
||
| 650 | _aHIGH ALUMINA CEMENT | ||
| 650 | _aPRECAST CONCRETE | ||
| 650 | _aCAC | ||
| 650 | _aCALCIUM ALUMINATE CEMENT | ||
| 690 | _aBUILT ENVIRONMENT-BUILDING MATERIALS | ||
| 700 | _aBigland, D. | ||
| 700 | _aReeves, B. | ||
| 700 | _aHolton, I. | ||
| 942 | _n0 | ||
| 999 |
_c100530 _d100530 |
||